|
|
|
|
| LEADER |
00000cam a2200000 4500 |
| 001 |
vtls011864799 |
| 003 |
SK-MaSNL |
| 005 |
20260301143820.0 |
| 008 |
210624s2019 xo gr 010 f slo |
| 015 |
|
|
|a SNBA2019/12
|
| 020 |
|
|
|a 9788022209953
|q (viazané)
|
| 035 |
|
|
|a urn:nbn:sk:snk-am00ed9g
|
| 035 |
|
|
|a urn:nbn:sk:snk-am3igkv
|
| 035 |
|
|
|a 9C7C821C-015E-4125-8DD6-9F4BEF8D6381
|
| 040 |
|
|
|a SNK
|b slo
|c SNK
|e rda
|
| 041 |
1 |
|
|a slo
|h eng
|
| 044 |
|
|
|a xo
|c SK
|
| 072 |
|
7 |
|a 821.111(73)-3
|x Americká próza
|2 konspekt
|
| 080 |
|
|
|a 255.2
|2 2011
|
| 080 |
|
|
|a 177.6
|2 2011
|
| 080 |
|
|
|a (0:82-311.6)
|2 2011
|
| 080 |
|
|
|a 821.111(73)-31
|2 2011
|
| 100 |
1 |
|
|a Miller, Madeline,
|d 1978-
|4 aut
|9 188572
|
| 240 |
1 |
0 |
|a Circe
|l Slovensky
|
| 245 |
1 |
0 |
|a Kirké
|c Madeline Millerová ; z anglického originálu Circe ... preložila Jana Pernišová
|
| 250 |
|
|
|a Vydanie I.
|
| 264 |
|
1 |
|a Bratislava
|b Tatran
|c 2019
|
| 300 |
|
|
|a 303 strán
|c 24 cm
|
| 336 |
|
|
|a text
|b txt
|2 rdacontent
|
| 337 |
|
|
|a bez média
|b n
|2 rdamedia
|
| 338 |
|
|
|a zväzok
|b nc
|2 rdacarrier
|
| 490 |
1 |
|
|a LUK - Knižnica svetových bestsellerov
|v 159. zväzok
|
| 500 |
|
|
|a Obsahuje biografické údaje o autorke na záložke prebalu publikácie
|
| 650 |
0 |
7 |
|a grécka mytológia
|2 SNKPH
|9 67447
|
| 650 |
0 |
7 |
|a láska
|2 SNKPH
|9 4351
|
| 650 |
0 |
7 |
|a Greek mythology
|2 SNKPHeng
|9 326402
|
| 650 |
0 |
7 |
|a Love
|2 SNKPHeng
|9 300221
|
| 655 |
|
7 |
|a americké romány
|2 SNKPH
|9 1174
|
| 655 |
|
7 |
|a historické romány
|2 SNKPH
|9 70253
|
| 655 |
|
7 |
|a American novels
|2 SNKPHeng
|9 277755
|
| 655 |
|
7 |
|a Historical novels
|2 SNKPHeng
|9 276887
|
| 700 |
1 |
|
|a Pernišová, Jana
|4 trl
|9 53636
|
| 830 |
|
0 |
|a LUK - Knižnica svetových bestsellerov
|9 323678
|
| 919 |
|
|
|a 978-80-222-0995-3
|
| 958 |
|
|
|a LX
|
| 958 |
|
|
|a UP
|
| 968 |
|
|
|b ENG
|
| 999 |
|
|
|c 774949
|d 776879
|
| 952 |
|
|
|a SNK
|b SNK
|y PREZ
|7 0
|p 17A1393577
|o snkSC 186902
|i snk2019/30084
|8 0
|0 0
|1 0
|4 0
|d 2019-11-21
|f 1
|l 0
|r 2026-02-24 00:46:50
|w 2026-02-24
|
| 952 |
|
|
|a SNK
|b SNK
|y PREZ
|7 0
|p 17A1393578
|o snkSC 186902 D1
|i snk2019/30085
|8 0
|0 0
|1 0
|4 0
|d 2019-11-21
|l 0
|r 2026-02-24 00:46:51
|w 2026-02-24
|